List of Most Manufactured Aircraft Models of WW2 - Statistics

General Stats
  • This quiz has been taken 175 times
    171 since last reset
  • The average score is 12 of 20
Answer Stats
Amount of Units Produced Producing Country Name of Model % Correct
20,351 Units Great Britain Spitfire
94%
33,984 Units Nazi Germany Messerschmitt Bf 109
90%
15,586 Units U.S.A P-51 Mustang
82%
14,527 Units Great Britain Hawker Hurricane
74%
16,579 Units Soviet Union Yak-9
74%
36,183 Units Soviet union Ilyushin Il-2
73%
20,000 Units Nazi Germany Fw 190
72%
10,939 Units Japan A6M Zero
67%
9,920 Units Soviet Union Lavochkin La-5
66%
12,731 Units U.S.A B17 Flying Fortress
61%
15,000 Units Nazi Germany Junkers Ju-88
61%
15,660 Units U.S.A P-47 Thunderbolt
59%
18,482 Units U.S.A B-24 Liberator
55%
12,571 Units U.S.A F4U Corsair
50%
12,275 Units U.S.A F6F Hellcat
42%
10,037 Units U.S.A Lockheed P-38 Lightning
41%
9,984 Units U.S.A B-25 Mitchell
37%
13,738 Units U.S.A Curtiss P-40 Warhawk
37%
11,461 Units Great Britain Vickers Wellington
26%
15,495 Units U.S.A T-6 Texan
7%
No matching quizzes found
Score Distribution
Percent of People with Each Score
Percentile by Number Answered
Your Score History
You have not taken this quiz since the last reset